[Event "RUS-ch51"]
[Site "St Petersburg"]
[Date "1998.08.05"]
[Round "9"]
[White "Sakaev, Konstantin"]
[Black "Kobalia, Mihail"]
[Result "1-0"]
[WhiteElo "2635"]
[BlackElo "2505"]
[Annotator "Lutz,C"]
[PlyCount "49"]
[EventDate "1998.07.28"]
[EventType "swiss"]
[EventRounds "11"]
[EventCountry "RUS"]
[SourceTitle "CBM 067"]
[Source "ChessBase"]
[SourceDate "1998.11.30"]
[SourceVersion "2"]
[SourceVersionDate "1998.11.01"]
[SourceQuality "1"]

1. d4 {Baburin. Kortschnoj. McShane} d5 2. Nf3 Nf6 3. c4 c6 4. Nc3 e6 5. Bg5 h6
6. Bh4 dxc4 7. e4 g5 8. Bg3 b5 {McShane: Black has won a pawn but White has a
strong centre, better development, and Black's pawn structure is far from
perfect.} 9. Be2 b4 $6 {Nach der vorliegenden Partie wird man sich verstärkt
den Alternativen widmen.} (9... Bb7) (9... Nbd7) (9... Bb4) 10. Na4 Nxe4 11.
Be5 Nf6 (11... f6 {McShane} 12. Qc2 $1 {and Black's light squares, as well as
his pawn structure, look very shaky.}) 12. Nc5 $1 $146 {[%mdl 8] '!?' Baburin.
Baburin: Sakaev is known as a player who is particularly dangerous with White,
and I am sure that he had analysed this novelty carefully prior to this game.
The point of his last move is to keep the e5-bishop alive for as long as
possible, while the c4-pawn can be collected later. Dieser Zug gewann den
Preis für die interessanteste Neuerung der Russischen Meisterschaft. Ich
zitiere Alexej Dreev in SCHACH 1/98 : " Danach müssen die Schwarzen diese
ohnehin zweifelhafte Variante wohl endgültig ad acta legen. Gegenüber dem
bisher gebräuchlichen 12.Bxc4 gelingt es Schwarz nun nicht, den mächtigen Be5
mit ...Nbd7 auszuhebeln. Ohne diese Möglichkeit erinnert die schwarze Stellung
an ein Sieb. Interessant ist, daß all dies Sakajew und einigen wenigen
Verfechtern dieser Variante seit etwa einem halben Jahr bekannt war. Die
Partie Kramnik-Galljamowa bei einem kleinen Schnellturnier in Moskau blieb der
Aufmerksamkeit der Schachwelt verborgen.} (12. Bxc4 {Baburin} Nbd7 13. O-O g4
14. Bxf6 Qxf6 15. Ne5 Nxe5 16. dxe5 Qxe5 17. Qxg4 Bd6 18. g3 Bd7 19. Rad1 $13 {
Gormally-Ippolito, Hampstead 1998.}) 12... Bg7 {'?!' Kortschnoj. '?!' Baburin.}
(12... Nbd7 $5 {Kortschnoj} 13. Nxd7 (13. Qa4 Nxe5 14. dxe5 Qb6 $1 $15 (14...
Bxc5 15. Qxc6+ Nd7 16. Qxa8 O-O 17. Qe4 $16)) 13... Bxd7 14. Bxc4 $44 {/\h4! +/
-Lutz}) ({Probably,} 12... Bxc5 {Baburin} 13. dxc5 Nbd7 {is more critical.
Then after} 14. Qd6 {a very unclear position arises.}) 13. Bxc4 O-O $6 {
Dreev kritisiert diesen Zug. Der schwarze König wird ein Angriffsziel.} (13...
Nbd7 {(Dreev) ist aber auch nicht viel attraktiver.} 14. Nxd7 Bxd7 15. h4 g4
16. Nd2 {Weiß kann nach weiterem Qe2 entweder kurz oder lang rochieren und
f2-f3 folgen lassen. Der schwarze König hat dagegen kein sicheres Plätzchen.})
14. Qc2 Nbd7 15. h4 $16 {'!' McShane. White has the better placed pieces, but
is a pawn down and if he just waits Black will develop and exchange off the
good pieces. Quick action to blow open Black's king defence is called for.
Baburin: For a mere pawn White has a great attacking position: his minor
pieces are already very active, while his major pieces have good prospects on
the kingside.} gxh4 {'?!' Kortschnoj. '?' Baburin. Baburin: Black is being too
co-operative, allowing to open files near his king. Kortschnoj: 15...g4 16.
Sg5!? Te8 17.Sge6 fe 18.Se6~/=} (15... g4 $5 16. Ng5 $1 {(Dreev)} (16. Nxd7 {
Baburin} Bxd7 17. Ng5 Re8)) 16. Nxd7 Bxd7 17. Rxh4 {[%mdl 132] '+/-'
Kortschnoj. McShane: The attack is starting to look very strong now that there
are open files against the black king, and White's minor pieces are clearly
dominant.} Nd5 18. Bxg7 {'!' McShane. McShane: Taking the opportunity to swap
off Black's only good defensive piece by capturing before Black can play f6.}
Kxg7 19. Rg4+ Kh8 20. Qd2 Qf6 21. Ne5 Be8 22. O-O-O {'+-' Baburin. McShane:
With White castled and about to swing a rook over to h1 Black is completely
lost. Baburin: White has achieved his goal - all his pieces are more active
than their black counterparts. Not surprisingly, Black cannot hold this
position for long.} Ne7 23. Rh1 Ng8 24. Rgh4 {McShane:/\Rxh6} Kg7 25. Rf4 $1 (
25. Rf4 Qe7 26. Rg4+ Kh7 27. Rxg8 Kxg8 28. Qxh6 $18 {(Dreev)}) 1-0

[Event "Dortmund SuperGM 26th"]
[Site "Dortmund"]
[Date "1998.06.28"]
[Round "3"]
[White "Beliavsky, Alexander G"]
[Black "Kramnik, Vladimir"]
[Result "1/2-1/2"]
[WhiteElo "2690"]
[BlackElo "2790"]
[Annotator "Lutz,C"]
[PlyCount "37"]
[EventDate "1998.06.26"]
[EventType "tourn"]
[EventRounds "9"]
[EventCountry "GER"]
[EventCategory "18"]
[SourceTitle "CBM 066"]
[Source "ChessBase"]
[SourceDate "1998.09.30"]
[SourceVersion "1"]
[SourceVersionDate "1998.09.30"]
[SourceQuality "1"]

1. d4 d5 2. Nf3 Nf6 3. c4 c6 4. Nc3 e6 5. Bg5 h6 6. Bxf6 Qxf6 7. Qc2 dxc4 {
Nutzt den Nachteil von 7.Qc2 aus - der Pc4 ist ungedeckt. Die entstehende
Variante ist schon länger bekannt, wurde aber nicht häufig von Schwarz
gespielt. Mir scheint sie aber durchaus spielbar, wenn sie auch nicht so
flexibel ist wie die Stellungen nach 7...Nd7.} (7... Nd7 8. e4 dxe4 9. Qxe4 {
wurde in der Vergangenheit häufiger gespielt.}) 8. e3 b5 9. a4 Bb7 10. axb5
cxb5 11. Nxb5 Bb4+ 12. Nc3 O-O 13. Be2 Nd7 14. O-O Rfc8 {Als Kompensation für
seinen geschwächten Damenflügel hat Schwarz das Läuferpaar und kann eventuell
mit ...e6-e5 die Stellung öffnen.} 15. Rfc1 $146 (15. Rfd1 a5 16. Nd2 Nb6 17.
Bf3 Nd5 18. Nde4 Qe7 19. Na4 Rab8 20. Nec5 Bc6 21. Rdc1 Bb5 22. h3 Qd8 23. Be2
c3 24. Nxc3 Nxc3 25. bxc3 Bxc5 26. dxc5 Rxc5 27. Bxb5 Rbxb5 28. Ra4 Qc7 29. c4
Rb6 {Lacrosse,M-Novikov,I/Antwerpen op 1996/EXT 96op2/1/2-1/2 (41)}) (15. Nd2
Nb6 16. Bf3 Nd5 17. Rfc1 a5 18. Qd1 Qe7 19. Be2 Nb6 20. Nf3 Bd5 21. Ne5 Bd6 22.
Nf3 Qb7 23. Nxd5 exd5 24. Nh4 a4 25. Bg4 Rcb8 26. Bf5 a3 27. bxa3 Bxa3 28. Rcb1
Be7 29. Rxa8 Rxa8 {Bjerke,R-Agdestein,S/NOR-ch 1986/EXT 86ch/1/2-1/2 (52)})
15... a5 16. Na4 Rab8 17. Qd1 e5 $1 {Schwarz nutzt die Gelegenheit, um unter
Bauernopfer seine Stellung zu befreien.} (17... Bd5 18. Nd2 {drängt Schwarz in
die Defensive.}) 18. Rxc4 ({Nach} 18. dxe5 $6 Nxe5 19. Nxe5 Qxe5 {ist der Pc4
wegen des geschwächten weißen Königsflügels indirekt gedeckt :} 20. Rxc4 (20.
Bxc4 Bd6 21. g3 Qe4 $17) 20... Rxc4 21. Bxc4 Bd6 22. g3 Qe4 $17) 18... Rxc4 19.
Bxc4 (19. Bxc4 Bxf3 20. Qxf3 Qxf3 21. gxf3 exd4 22. exd4 Nb6 23. Nxb6 Rxb6 {
beläßt Weiß mit einem nur noch symbolischen Mehrbauern, daher erfolgte der
Remisschluß.}) 1/2-1/2

[Event "Presidents Cup "]
[Site "Elista"]
[Date "1998.05.18"]
[Round "4.4"]
[White "Khalifman, Alexander"]
[Black "Dreev, Alexey"]
[Result "1-0"]
[WhiteElo "2660"]
[BlackElo "2630"]
[Annotator "Lutz,C"]
[PlyCount "59"]
[EventDate "1998.05.07"]
[EventType "k.o."]
[EventRounds "6"]
[EventCountry "RUS"]
[SourceTitle "CBM 065"]
[Source "ChessBase"]
[SourceDate "1998.08.06"]
[SourceVersion "1"]
[SourceVersionDate "1998.08.06"]
[SourceQuality "1"]

1. d4 d5 2. c4 c6 3. Nf3 Nf6 4. Nc3 e6 5. Bg5 h6 6. Bh4 dxc4 7. e4 g5 8. Bg3 b5
9. Be2 (9. h4 {I.Sokolov}) 9... Bb7 10. h4 $1 $146 {Eine interessante Neuerung.
Im Vergleiche zu I.Sokolovs 9.h4 wurden die Züge Bf1-e2 und ...Bc8-b7
eingeschoben. Dieser Umstand ist eher für Weiß nützlich, da der Punkt e6
geschwächt ist, wie Weiß überzeugend demonstriert.} (10. O-O) (10. e5) 10... g4
11. Ne5 b4 $5 {Sehr riskant.} (11... h5 12. O-O Nbd7 {würde über Zugumstellung
zu I.Solokov-I.Novikov (Lost Boys Antwerpen 1997) führen}) 12. Na4 Nxe4 13.
Bxc4 Nxg3 (13... h5 14. Qe2 Nxg3 15. fxg3 {mit der Idee Nxf7 oder 0-0.}) 14.
fxg3 {[%csl Rf7][%cal Yh1f1,Yf1f7,Ye5f7,Yc4f7] Nun stehen alle weißen Figuren
zum Angriff gegen f7 bereit.} Nd7 15. Nxf7 $1 $18 {Bereits die Entscheidung.}
Kxf7 16. Qxg4 Qe7 (16... Qe8 17. O-O+ Ke7 18. Nc5 $1 Nxc5 19. dxc5 Kd8 20. Qd4+
Kc8 (20... Kc7 21. Qe5+ $18) 21. Bxe6+ Qxe6 22. Qxh8 $18) 17. O-O+ Ke8 18. Bxe6
Bc8 (18... Rh7 19. Bxd7+ Qxd7 20. Qg6+ Rf7 21. Rae1+ $18) 19. Rae1 Kd8 20. d5
$6 (20. Rf7 $6 {ist nicht überzeugend.} Ne5 $1 21. Rxe5 Qxf7 22. Bxf7 Bxg4 23.
Re8+ Kc7 24. Rxa8 Bc5 25. Rxh8 Bxd4+ 26. Kf1 Bxh8 $44) (20. Bf7 $1 {ist noch
stärker als der Textzug.} Qd6 (20... Nf6 21. Qg6 $18) (20... Ne5 21. Qh5 $18)
21. Re6 Qb8 22. Re8+ Kc7 23. Be6 $18) 20... Qg7 $6 (20... c5 {ist vielleicht
eine bessere Verteidigung.} 21. Bf7 $5 (21. d6 Qg7 $1 {Dank der Doppeldrohung .
..Qxg4 und Qd4+ kann Schwarz sich halten.} (21... Qxd6 $2 22. Rd1 Qc6 23. Bxd7
Bxd7 24. Rf7 Be7 25. Rxe7 Kxe7 26. Qg7+ $18) 22. Bf7 Nf6 23. Qc4 Bxd6 {/\ ...
Qxg3}) (21. Bxd7 Bxd7 $1 $13 (21... Qxd7 $2 22. Qg6 $18)) 21... Ne5 (21... Nf6
22. Qg6 $18) (21... Qd6 22. Re6 Qb8 23. Re8+ Kc7 24. d6+ $18) 22. Qh5 Bg7 23.
d6 Qxd6 24. Rd1 Nd3 25. Kh2 $1 (25. Nxc5 Bd4+ 26. Kh1 Qxc5 27. Rxd3 Kc7 $13)
25... Bd7 (25... Bd4 26. Rxd3) 26. Qf3 Rc8 27. Rxd3 Bd4 28. Nxc5 Rxc5 29. Qe4
$18) 21. dxc6 $18 Qxg4 22. Bxg4 Nb6 (22... Nc5 23. Rf7 Bd6 24. c7+ Bxc7 25.
Rd1+ Ke8 26. Bh5 $18) 23. Rf7 $1 Bd6 (23... Bxg4 24. c7+ Kc8 25. Re8+ Kb7 26.
c8=Q#) 24. Nxb6 axb6 25. c7+ $1 Bxc7 26. Rd1+ Ke8 27. Bh5 $1 Bg4 (27... Be5 28.
Rc7+ Kf8 29. Rd8#) 28. Rh7+ Bxh5 29. Rxh8+ Ke7 30. Re1+ 1-0

[Event "Minsk"]
[Site "Minsk"]
[Date "1996.??.??"]
[Round "5"]
[White "Shulman, Yuri"]
[Black "Savchenko, Stanislav"]
[Result "0-1"]
[WhiteElo "2525"]
[BlackElo "2585"]
[Annotator "Lutz,C"]
[PlyCount "144"]
[EventDate "1996.??.??"]
[EventType "tourn"]
[EventRounds "11"]
[EventCountry "BLR"]
[EventCategory "11"]
[SourceTitle "CBM 054"]
[Source "ChessBase"]
[SourceDate "1996.10.01"]
[SourceVersion "1"]
[SourceVersionDate "1996.10.01"]
[SourceQuality "1"]

1. d4 {Hecht} d5 2. c4 c6 3. Nf3 Nf6 4. Nc3 e6 5. Bg5 h6 6. Bxf6 Qxf6 7. g3 Nd7
8. Bg2 dxc4 9. O-O Be7 10. a4 $5 {Dieser Zug stellt eine Spezialität Shulmans
dar. Allerdings scheinen es mir im Vorteilssinne besser, den Pc4 gleich
abzuholen.} (10. Ne4 $1 Qf5 11. Ned2 $1 b5 12. a4 O-O 13. axb5 Qxb5 14. Qc2 Bb7
15. Nxc4 c5 {Christiansen,L-Gurevich,M/Antwerpen (06) ;CBM 37 1993} 16. Na5
Bxf3 17. Bxf3 Rac8 18. d5 exd5 19. Bxd5 $14 {Gurevich,M}) 10... O-O 11. a5 (11.
e4 $6 {Sperrt den Bg2 ein.} e5 12. d5 a5 13. Nd2 Nb6 {Shulman,Y-Sveshnikov,E/
Vladivostok (02) ;EXP 43 1994}) (11. e3 Rd8 12. Qe2 Rb8 13. Nd2 e5 14. d5 Nb6
15. e4 cxd5 16. exd5 Bf5 17. Nxc4 Nxc4 18. Qxc4 Rbc8 $10 {Shulman,Y-Novikov,I/
Nikolaev zt (04) ;CBM 47 1995}) 11... e5 12. d5 Bb4 13. Nd2 Nc5 (13... Bxc3 14.
Ne4 $5) 14. Nde4 Nxe4 15. Nxe4 Qd8 16. Qa4 cxd5 17. Qxb4 dxe4 18. Bxe4 Bg4 19.
a6 Qd4 20. Bxb7 (20. Bg2 $5 Bxe2 21. axb7 $13) 20... Rad8 21. e3 Qd2 22. Qxd2
$2 (22. Qxc4 Be2 23. Qc5 Bxf1 24. Rxf1 Qxb2 25. Qxa7 $10) 22... Rxd2 23. f3 Bh3
24. Rfc1 (24. Rf2 Rfd8 25. Rxd2 Rxd2 26. Rc1 Rg2+ 27. Kh1 Rxb2 $17) 24... Rfd8
25. Rxc4 Rg2+ $17 26. Kh1 Rdd2 27. f4 Rxh2+ 28. Kg1 Be6 29. Rc5 Rh3 30. Rxe5
Rxg3+ 31. Kh1 Rxb2 32. Rc1 g6 33. Bc8 Ba2 34. f5 Rb4 35. Kh2 Rg5 36. e4 gxf5
37. Bxf5 Be6 38. Rf1 Bxf5 39. Rfxf5 Rxf5 40. exf5 {HechT: T vs T + beide
Randbauern ab Zug 44. Schwarz gelint es nicht, das Zusammenspiel zwischen sK+T
zu stören. Der wK kann auch nicht einen der sB blockieren oder angreifen 
(siehe Beispiel-Studien Nr. 24+25)} Rb6 41. Re7 Rxa6 42. f6 Kh7 43. Rxf7+ Kg6
44. Rc7 Kxf6 {[#]} 45. Rh7 (45. Rc5 {Hecht} Re6 46. Ra5 a6 $19) 45... Kg5 46.
Rc7 Kf4 47. Rf7+ Ke4 48. Re7+ Kd3 49. Rd7+ Ke4 50. Re7+ Kf5 51. Rc7 Ra5 52. Kh3
Kg5 53. Kg3 Kh5 54. Kh3 (54. Rc3 Rg5+ 55. Kf4 a5 $19) 54... Ra3+ 55. Kg2 Ra4
56. Rc5+ Kh4 57. Rc6 h5 58. Kh2 Ra2+ 59. Kg1 Ra3 60. Kh2 Rh3+ 61. Kg2 Rg3+ 62.
Kh2 a5 63. Ra6 Rg5 64. Ra7 Rb5 65. Kg2 Rb2+ 66. Kg1 Ra2 67. Rc7 Ra3 68. Ra7 (
68. Kh2 {Hecht} Rh3+ 69. Kg2 Rg3+ 70. Kh2 a4 $19) 68... Kh3 69. Rc7 a4 70. Kf2
Rb3 71. Rc4 a3 72. Ra4 h4 (72... h4 {Hecht} 73. Ra8 Kh2 (73... Rb2+ 74. Kg1
Rb1+ 75. Kf2 Ra1 76. Ra4 a2 77. Ra8 Rh1 78. Ra3+ Kg4 79. Ra4+ Kf5 $19) 74. Ra4
h3 75. Ra8 Rb2+ 76. Kf3 a2 77. Ra7 Kg1 78. Rg7+ Kf1 79. Ra7 h2 $19) 0-1

[Event "Capablanca Memorial Elite 33rd"]
[Site "Havana"]
[Date "1998.05.16"]
[Round "7"]
[White "Bacrot, Etienne"]
[Black "Nogueiras Santiago, Jesus"]
[Result "1-0"]
[WhiteElo "2565"]
[BlackElo "2520"]
[Annotator "Lutz,C"]
[PlyCount "111"]
[EventDate "1998.05.07"]
[EventType "tourn"]
[EventRounds "11"]
[EventCountry "CUB"]
[EventCategory "12"]
[SourceTitle "CBM 065"]
[Source "ChessBase"]
[SourceDate "1998.08.06"]
[SourceVersion "1"]
[SourceVersionDate "1998.08.06"]
[SourceQuality "1"]

1. d4 d5 2. Nf3 Nf6 3. c4 c6 4. Nc3 e6 5. Bg5 h6 6. Bxf6 Qxf6 7. Qc2 Nd7 8. e4
dxe4 9. Qxe4 g6 10. c5 (10. Qe3 Bg7 11. Ne4 Qe7 12. c5 O-O 13. Rd1 e5 14. Nd6
Qf6 15. dxe5 Nxe5 16. Nxe5 Qxe5 17. Bc4 Qxe3+ {1/2-1/2 Babula,V-Votava,J/After
GP Mladi 1997/CBM 61/[Lutz]}) (10. Bd3 Bg7 11. O-O O-O 12. Rfe1 Rd8 (12... c5
13. d5 Nb6 14. d6 Qd8 15. Qf4 Bd7 16. Rad1 Bc6 17. Be4 Nxc4 18. Bxc6 Nxb2 19.
Bxb7 Rb8 20. Ne5 Nxd1 21. Nc6 Qb6 22. Rxd1 Rxb7 23. Ne7+ Kh7 24. Ne4 f5 25.
Ng5+ hxg5 26. Qxg5 Rxe7 27. dxe7 Re8 28. h4 Qc7 29. h5 Qxe7 30. Qxg6+ Kh8 31.
Rd3 c4 {0-1 Atalik,S-Bacrot,E/Hoogovens-B 1997/CBM 57/[Atalik,S]}) 13. c5 Rb8
14. Rac1 b6 15. cxb6 axb6 16. Qe3 Bb7 17. Rcd1 c5 18. Be4 {1/2-1/2 Lalic,
B-Akopian,V/EU-chTM 1997/EXP 57}) (10. h4 h5 (10... Bg7 11. h5 g5 12. Bd3 c5
13. d5 Ne5 14. Nxe5 Qxe5 15. O-O-O Qxe4 16. Nxe4 exd5 17. cxd5 Bd4 18. Nd6+ Ke7
19. Nb5 Be5 20. Rhe1 Kf6 21. Nc3 Bg4 22. Be2 Bf5 23. Bd3 Bg4 24. Be2 Bf5 25.
Bd3 Bg4 {1/2-1/2 Matveeva,S-Galliamova Ivanchuk,A/RUS-chW 1997/EXT 97}) 11. Bd3
Bh6 12. O-O O-O 13. Rad1 Rd8 14. c5 Rb8 15. Qe2 b6 16. Ne4 Qe7 17. b4 Bf4 18.
g3 Bc7 19. Bc4 a5 20. a3 Ra8 21. Neg5 Nf6 22. cxb6 Bb8 23. Ne5 Bxe5 24. dxe5
Nd5 25. Qf3 axb4 26. axb4 Rb8 27. b5 {1/2-1/2 Matveeva,S-Prudnikova,S/RUS-chW
1997/EXT 97}) 10... Bg7 11. Qe3 O-O 12. Ne4 Qd8 $5 (12... Qe7 {hätte mit
Zugumstellung zur obigen Partie Babula-Votava geführt.}) 13. O-O-O {[%csl Rb2]
[%cal Yg7b2] Wegen der Drohung ...Qa5+ sieht Weiß sich gezwungen, lang zu
rochieren, wo der König jedoch nicht sehr sicher steht.} (13. Rd1 Qa5+ 14. Nc3
e5) 13... b6 14. Bc4 Nf6 15. Rd2 Nxe4 16. Qxe4 bxc5 17. dxc5 Qa5 18. Qe3 Ba6
19. Bxa6 Qxa6 {Schwarz hat offensichtlich keine Probleme.} 20. Kb1 Rfd8 21.
Rhd1 Rd5 22. Rxd5 exd5 23. Nd4 Rb8 24. b3 Bxd4 $6 {Dieser Zug gewinnt einen
Bauern, aufgrund seiner zentralisierten Schwerfiguren hat Weiß aber genügend
Kompensation.} (24... Qc8 $5 {/\ ...a5-a4}) 25. Rxd4 Qf1+ 26. Kb2 Qxg2 27. Ra4
Qxh2 28. Rxa7 h5 29. a4 Rd8 30. Re7 Qh4 31. Re8+ Rxe8 32. Qxe8+ Kg7 33. Qxc6
Qd4+ $2 (33... Qxf2+ 34. Ka3 d4 $11 {Schwarz sollte nicht verlieren.}) 34. Ka3
h4 35. Qd6 h3 36. c6 h2 37. Qxh2 $16 Qc5+ 38. Kb2 Qd4+ 39. Ka2 Qd2+ 40. Ka3
Qc1+ 41. Kb4 Qxc6 42. Qe5+ Kh7 43. a5 Qb7+ 44. Ka3 Qc6 45. Qd4 g5 46. b4 Qc1+
47. Ka4 Qc6+ 48. b5 Qc2+ 49. Kb4 Qb1+ 50. Kc5 Qc2+ 51. Kb6 Qc4 52. Qf6 d4 53.
Qf5+ Kh6 54. a6 d3 55. a7 Qd4+ 56. Kb7 1-0

[Event "EU-ch 4th"]
[Site "Istanbul"]
[Date "2003.06.02"]
[Round "4"]
[White "Chuchelov, Vladimir"]
[Black "Grischuk, Alexander"]
[Result "1/2-1/2"]
[WhiteElo "2592"]
[BlackElo "2701"]
[Annotator "Lutz,C"]
[PlyCount "50"]
[EventDate "2003.05.30"]
[EventType "swiss"]
[EventRounds "13"]
[EventCountry "TUR"]
[SourceTitle "CBM 096"]
[Source "ChessBase"]
[SourceDate "2003.09.25"]
[SourceVersion "1"]
[SourceVersionDate "2003.09.25"]
[SourceQuality "1"]

1. Nf3 Nf6 2. c4 e6 3. Nc3 d5 4. d4 c6 5. Bg5 h6 6. Bh4 dxc4 7. e4 g5 8. Bg3 b5
9. Be2 Bb7 10. Ne5 {Die Fortsetzung von Topalov und Sasikiran, gegenüber
Khalifmans 11.h4} Nbd7 (10... h5 11. h3 (11. h4 $5 g4 {- 10.h4 g4 11.Ne5 h5})
11... a6 (11... Bg7 12. O-O a6 13. f4 g4 14. hxg4 hxg4 15. f5 c5 16. Nxf7 Kxf7
17. fxe6+ Kg8 18. d5 Nh5 19. Bf2 Bd4 20. Bxd4 cxd4 21. Bxg4 Nf6 22. e7 Qd6 23.
e8=Q+ Nxe8 24. Be6+ Kg7 {1-0 Gershon,A-Pavlovic,S/Korinthos 2002/CBM 89 ext 
(24)}) 12. O-O g4 $5 13. hxg4 hxg4 14. Nxg4 Nbd7 15. e5 Nxg4 16. Bxg4 Qg5 17.
f4 Qg7 $13 {1/2-1/2 Sasikiran,K-Novikov,I/Qingdao 2002/CBM 91/[Lutz] (37)}) (
10... Bg7 11. h4 Nbd7 (11... Nfd7 $6 12. Ng4 $1 Qa5 13. hxg5 hxg5 14. Rxh8+
Bxh8 15. Kf1 $16 {1/2-1/2 Topalov,V-Timman,J/Wijk aan Zee 1998/CBM 63/[Lutz] 
(42)}) (11... b4 12. hxg5 hxg5 13. Rxh8+ Bxh8 14. Nxc4 bxc3 15. Nd6+ Kf8 16.
Nxb7 Qb6 17. Nc5 cxb2 18. Rb1 Nbd7 19. Nxd7+ Nxd7 20. Bd6+ Kg8 21. e5 $36 {
0-1 Oms Pallise,J-Korneev,O/Dos Hermanas 2001/CBM 83/[Lutz] (26)}) 12. Qc2 (12.
hxg5 hxg5 13. Rxh8+ Bxh8 14. Qc2 Nxe5 15. Bxe5 Qa5 16. Kf1 O-O-O 17. Kg1 Nd7
18. Bxh8 Rxh8 19. Rd1 Qc7 20. g3 Kb8 $13 {1/2-1/2 Sasikiran,K-Ramesh,R/Nagpur
2002/CBM 86 ext (33)}) 12... c5 13. hxg5 cxd4 $6 14. Nxb5 Nxe4 15. Nxc4 Nxg3
16. Nbd6+ Kf8 17. Nxb7 Qc7 18. fxg3 Qxb7 19. O-O $16 {1-0 Topalov,V-Dreev,A/
New Delhi/Theran 2000/CBM 81/[Lutz] (34)}) (10... Bb4 11. O-O Nbd7 12. f4 Bxc3
13. bxc3 Nxe5 14. fxg5 Nfd7 15. dxe5 Qxg5 16. Rxf7 O-O-O 17. Bg4 Qg6 18. Bh5
Qxe4 19. Qd6 Qd5 20. Rd1 $40 {1-0 Sasikiran,K-Ramesh,R/Udaipur 2000/EXT 2001 
(32)}) 11. Qc2 (11. O-O b4 (11... Bg7 12. Qc2 a6 13. Rad1 O-O 14. f4 Nxe5 15.
dxe5 Nd7 16. f5 Re8 17. Bh5 exf5 18. exf5 Bxe5 19. f6 Qb6+ 20. Kh1 Nf8 21.
Bxf7+ Kxf7 22. Rd7+ Nxd7 23. Qh7+ Ke6 24. Qf5+ Kd6 25. Rd1+ Kc5 26. a3 {
1-0 Horvath,P-Todorovic,G/Budapest 2003/CBM 93 ext (26)}) 12. Nxd7 Kxd7 $2 13.
e5 bxc3 14. exf6 cxb2 15. Rb1 Ba3 16. Qa4 Qf8 17. Bxc4 Kc8 18. Ba6 {1-0
Sasikiran,K-Hatanbaatar,B/Istanbul 2000/EXT 2001 (18)}) (11. h4 Nxe5 (11... g4
{- 10.h4 g4 11.Ne5 Nbd7}) 12. hxg5 Nfd7 13. dxe5 Qxg5 14. Kf1 h5 15. Rh3 h4 16.
f4 Qxg3 17. Rxg3 hxg3 18. Bh5 O-O-O 19. Qf3 f6 20. Rd1 fxe5 21. Bf7 b4 22. Bxe6
bxc3 23. Rxd7 Rxd7 24. Qxc3 Rhh7 $13 {1/2-1/2 Dimitrov,V-Yevseev,D/Koszalin
1999/EXT 2000 (53)}) 11... Bg7 (11... Rg8 12. Rd1 Nxe5 13. Bxe5 Nd7 14. Bg3 Qb6
15. O-O a6 16. d5 O-O-O 17. dxe6 fxe6 18. Bg4 c5 19. e5 Be7 20. Qh7 Rge8 21.
Qf7 Qc6 22. Bf3 Qc7 23. Qxe6 $40 {1-0 Topalov,V-Bareev,E/Frankfurt 2000/CBM 76
ext (49)}) (11... Nxe5 12. Bxe5 Be7 13. O-O Qb6 14. Rad1 Rg8 15. b3 cxb3 16.
axb3 $44 {0-1 Van Wely,L-Dreev,A/Neum 2000/EXT 2001 (36)}) 12. Rd1 Qb6 (12...
Nxe5 13. Bxe5 Qa5 14. O-O O-O 15. f4 Nh7 16. Bxg7 Kxg7 17. fxg5 hxg5 18. e5 c5
19. d5 $40 {1-0 Topalov,V-Komljenovic,D/Villarrobledo 2000/EXT 2001 (32)}) 13.
O-O Rd8 14. h4 $146 (14. f4 $6 {ist wahrscheinlich der flasche Ansatz, da nach}
Nxe5 15. fxe5 Nd7 16. Bf2 O-O {das weiße Angriffspotenzial deutlich reduziert
ist.} 17. b4 cxb3 18. axb3 a6 19. b4 a5 20. d5 Qa6 21. Ra1 cxd5 22. exd5 exd5
23. Rxa5 Qc6 24. Bxb5 Qc7 25. Rc1 Nxe5 26. Qd1 d4 27. Ne4 Qb6 28. Nc5 Ba8 29.
Qa4 Qd6 30. Ra6 Qd5 31. Bf1 Ng4 32. Qa2 Qe5 33. g3 Qf5 34. Be1 Qf3 35. Rxa8
Qe3+ 36. Kh1 Qxc1 37. Rxd8 Rxd8 38. Qd2 Qa3 39. Bd3 Ne5 40. Be2 {0-1 Bocharov,
D-Grischuk,A/Togliatti 2003/CBM 94 ext (40)}) 14... g4 $5 {Diese Art von
Bauernopfer ist besonders in der Variante 10.h4 Allgemein gut geworden.
Schwraz gibt seinen Mehrbauern zurück und kann im Gegenzug (dank des
Abtausches des Ne5) bessere Kontrolle über die Felder d4 und e5 erlangen.
Häufig (allerdings nicht in dieser Partie) spielt die geöffnete g-Linie
ebenfalls eine Rolle.} (14... Nxe5 15. Bxe5 $44) (14... c5 15. d5 $13) 15. Bf4
c5 16. dxc5 Qxc5 17. Nxg4 Nxg4 18. Bxg4 Ne5 19. Rxd8+ Kxd8 20. Rd1+ Kc8 {
Zwar steht der schwarze Könoig unsicherer als sein weißer gegenpart, aber
dafür hat Schwarz die schwarzen Fleder gut im Griff.} 21. Be2 Nc6 22. Be3 (22.
Bd6 Qb6) 22... Nd4 23. Bxd4 Bxd4 24. Nxb5 Bxf2+ 25. Kf1 Bxh4 ({Nach} 25... Bxh4
26. Qxc4 Qxc4 27. Nd6+ Kb8 28. Bxc4 Rd8 29. Rd3 Rd7 $11 {ist die Stellung
ungefähr ausgeglichen, der weiße Nd6 und das schwarze Läuferpaar neutralisiern
sich.}) 1/2-1/2